[Event "Foment Martinenc op-B 16th"]
[Site "Barcelona"]
[Date "2014.05.17"]
[Round "4"]
[White "Perez Molina, Pedro"]
[Black "Romero Funieles, Rafael de Jesus"]
[Result "1-0"]
[WhiteElo "1862"]
[BlackElo "1948"]
[PlyCount "117"]
[EventDate "2014.04.26"]
[EventType "swiss"]
[EventRounds "9"]
[EventCountry "ESP"]
[SourceTitle "EXT 2015"]
[Source "ChessBase"]
[SourceDate "2014.11.20"]
[SourceVersion "1"]
[SourceVersionDate "2014.11.20"]
[SourceQuality "1"]

1. e4 e6 2. d4 Be7 3. f4 Bh4+ 4. g3 Be7 5. Nc3 c6 6. Nf3 h6 7. b3 d5 8. e5 Bb4 9. Bb2 Qa5 10. Qd3 b5 11. Bh3 Bxc3+ 12. Qxc3 b4 13. Qe3 Ne7 14. 0-0 Qb5 15. Rfc1 a5 16. Bf1 Qb6 17. c4 dxc4 18. bxc4 Na6 19. c5 Qd8 20. Nd2 Nf5 21. Qe4 Qd5 22. Bg2 Nc7 23. Nc4 Nb5 24. Nd6+ Nfxd6 25. cxd6 Na7 26. Rc5 Qxe4 27. Bxe4 Bd7 28. Rxa5 0-0 29. Rc1 Rfb8 30. Bc2 Nb5 31. Rxa8 Rxa8 32. Bb3 f6 33. Rc4 fxe5 34. dxe5 Rb8 35. Rxb4 c5 36. Rc4 Rc8 37. Ba4 Kf7 38. Bc1 Ke8 39. Be3 Na3 40. Bxd7+ Kxd7 41. Rxc5 Rxc5 42. Bxc5 Nc4 43. a3 Kc6 44. Bb4 g5 45. h3 gxf4 46. gxf4 Ne3 47. Kf2 Nf5 48. Kf3 h5 49. Be1 Kd7 50. a4 Nd4+ 51. Ke4 Nc6 52. a5 Nb8 53. f5 exf5+ 54. Kxf5 Kc6 55. Bf2 Kd5 56. Bg3 Nc6 57. d7 Nd8 58. Kf6 Nc6 59. e6 1-0

[Event "Foment Martinenc op-B 15th"]
[Site "Barcelona"]
[Date "2013.05.11"]
[Round "4"]
[White "Perez Molina, Pedro"]
[Black "Antequera Garcia, Luis"]
[Result "1-0"]
[WhiteElo "1765"]
[BlackElo "1310"]
[PlyCount "113"]
[EventDate "2013.04.20"]
[EventType "swiss"]
[EventRounds "9"]
[EventCountry "ESP"]
[SourceTitle "CBM 154 Extra"]
[Source "ChessBase"]
[SourceDate "2013.06.25"]
[SourceVersion "2"]
[SourceVersionDate "2013.06.25"]
[SourceQuality "1"]

1. e4 e5 2. Nf3 d6 3. d4 exd4 4. Nxd4 Nf6 5. Nc3 Be7 6. Be3 c5 7. Bb5+ Bd7 8. Bxd7+ Nbxd7 9. Nf5 0-0 10. Nd5 Nxd5 11. Qg4 Bf6 12. exd5 Re8 13. 0-0 Ne5 14. Qg3 Kh8 15. Bf4 Qd7 16. Ne3 Rac8 17. Bg5 Bxg5 18. Qxg5 h6 19. Qg3 Qe7 20. Rae1 Qf6 21. c4 Nd3 22. Ng4 Qg6 23. Rxe8+ Rxe8 24. Ne3 Qxg3 25. hxg3 Nxb2 26. Rb1 Nd3 27. Rxb7 a6 28. Rxf7 Kg8 29. Rd7 Rf8 30. Nd1 Rf6 31. Ra7 Nb4 32. a3 Nd3 33. Rxa6 Kh7 34. Kf1 Ne5 35. Ne3 h5 36. Ke2 g5 37. Ra7+ Kg6 38. a4 Rf8 39. a5 Rb8 40. f4 gxf4 41. gxf4 Rb2+ 42. Kd1 Ng4 43. Nxg4 hxg4 44. Ra6 Kf5 45. g3 Rb4 46. Rxd6 Rxc4 47. Kd2 Rd4+ 48. Kc3 Ra4 49. a6 Ra3+ 50. Kc4 Rxg3 51. a7 Ra3 52. Rd7 Ke4 53. Rg7 Kxf4 54. d6 Ke5 55. d7 Rxa7 56. Rg5+ Ke6 57. d8Q 1-0

[Event "Foment Martinenc op-B 15th"]
[Site "Barcelona"]
[Date "2013.04.27"]
[Round "2"]
[White "Domenche Redondo, Francesco"]
[Black "Perez Molina, Pedro"]
[Result "1/2-1/2"]
[WhiteElo "1710"]
[BlackElo "1765"]
[PlyCount "43"]
[EventDate "2013.04.20"]
[EventType "swiss"]
[EventRounds "9"]
[EventCountry "ESP"]
[SourceTitle "CBM 154 Extra"]
[Source "ChessBase"]
[SourceDate "2013.06.25"]
[SourceVersion "2"]
[SourceVersionDate "2013.06.25"]
[SourceQuality "1"]

1. d4 Nf6 2. Nf3 g6 3. c4 Bg7 4. Nc3 d6 5. e4 0-0 6. Be2 e5 7. dxe5 dxe5 8. Qxd8 Rxd8 9. Bg5 Nc6 10. Nd5 Rd6 11. c5 Rxd5 12. exd5 Nb4 13. 0-0 Nfxd5 14. a3 Nc6 15. Rfd1 Nd4 16. Nxd4 exd4 17. Bf3 Be6 18. Rac1 h6 19. Bxd5 Bxd5 20. Bf4 Rc8 21. Re1 Bb3 22. Re7 1/2-1/2

[Event "Cerdanyola del Valles op-B 31th"]
[Site "Cerdanyola del Valles"]
[Date "2013.??.??"]
[Round "4.2"]
[White "Serrano Moron, Eloi"]
[Black "Perez Molina, Pedro"]
[Result "1-0"]
[WhiteElo "1627"]
[BlackElo "1610"]
[PlyCount "149"]
[EventDate "2013.10.05"]
[EventType "swiss"]
[EventRounds "8"]
[EventCountry "ESP"]
[SourceTitle "EXT 2024"]
[Source "ChessBase"]
[SourceDate "2023.10.10"]
[SourceVersion "1"]
[SourceVersionDate "2023.10.10"]
[SourceQuality "1"]

1. d4 Nf6 2. Nf3 g6 3. Bf4 Bg7 4. e3 d6 5. Bd3 Bg4 6. h3 Bxf3 7. Qxf3 c6 8. Nd2 Nbd7 9. 0-0-0 Qa5 10. Kb1 Nd5 11. Nb3 Qb6 12. Bh2 a5 13. Bc4 N7f6 14. e4 a4 15. exd5 axb3 16. Bxb3 0-0 17. dxc6 bxc6 18. Rhe1 Ra7 19. Rd3 Rc8 20. g4 d5 21. Be5 Qb4 22. c3 Qb5 23. g5 Nh5 24. Bxg7 Nxg7 25. Rde3 e6 26. Qg4 Rb8 27. Qe2 Qb6 28. f4 c5 29. dxc5 Qxc5 30. Re5 Rab7 31. c4 Qd4 32. cxd5 exd5 33. Qe3 Qxe3 34. R1xe3 d4 35. Rd3 Nf5 36. Rd5 Kg7 37. h4 h5 38. gxh6+ Kxh6 39. h5 Re7 40. hxg6 Re1+ 41. Rd1 Rxd1+ 42. Bxd1 fxg6 43. Bc2 Rb4 44. Bxf5 gxf5 45. Rxf5 d3 46. Rd5 Rxf4 47. Rxd3 Kg6 48. Kc2 Kf6 49. Kc3 Ke5 50. b4 Rf1 51. Kc4 Rc1+ 52. Rc3 Ra1 53. Rc2 Kd6 54. Kb5 Rf1 55. a4 Rf8 56. Rc6+ Kd7 57. a5 Rb8+ 58. Rb6 Rf8 59. Ka6 Kc8 60. Kb5 Rf5+ 61. Kc4 Kc7 62. Rh6 Rf4+ 63. Kb3 Rf3+ 64. Ka4 Rf1 65. Rh3 Rf4 66. Rh5 Rf8 67. Kb5 Rb8+ 68. Kc5 Rc8 69. Rh7+ Kb8+ 70. Kb6 Re8 71. Rc7 Re6+ 72. Rc6 Re4 73. b5 Re7 74. a6 Rf7 75. a7+ 1-0